| 000 | 00618nam a2200157 a 4500 | ||
|---|---|---|---|
| 008 | 110914s1996 ||||||||||||||||| || u | ||
| 020 | _a156024805X | ||
| 050 | _aRM 719 Exe | ||
| 100 | _aClark, Janie, 1956- | ||
| 245 | 1 | 0 |
_aExercise programming for older adults _c[edited by] Janie Clark |
| 260 |
_aNew York _bHaworth _c1996 |
||
| 300 | _a[vii] 85p.: ill. | ||
| 350 | _a0.00 | ||
| 650 | _aEXERCISE THERAPY FOR THE AGED | ||
| 995 |
_aMICHAEL CHILUFYA SATA OPEN ACCESS _D0.00 _e901084 _FCBU-SCHOOL OF MEDICINE LIBRARY (Ndola) _H1 _I0.00 _jRM 719 EXE _M1 _UAVAILABLE _WOct 13, 2011 _y901084 _ZMedical Library Open Access Collection |
||
| 999 |
_c31424 _d31424 |
||